Catholic University of Zimbabwe Library
Online Public Access Catalogue
(OPAC)

new Larousse encyclopedia of the earth (Record no. 16553)

MARC details
000 -LEADER
fixed length control field 00515nam a2200133Ia 4500
008 - FIXED-LENGTH DATA ELEMENTS--GENERAL INFORMATION
fixed length control field 191206s9999 xx 000 0 und d
020 ## - INTERNATIONAL STANDARD BOOK NUMBER
International Standard Book Number 600354644
090 ## -
-- QE31.B4713
245 #0 - TITLE STATEMENT
Title new Larousse encyclopedia of the earth
260 ## - PUBLICATION, DISTRIBUTION, ETC.
Place of publication, distribution, etc. Hamlyn
260 ## - PUBLICATION, DISTRIBUTION, ETC.
Date of publication, distribution, etc. c1972
300 ## - PHYSICAL DESCRIPTION
Extent "425 p. illus. (some col.), maps. 30 cm."
Holdings
Withdrawn status Lost status Source of classification or shelving scheme Damaged status Not for loan Home library Current library Date acquired Total Checkouts Full call number Barcode Date last seen Price effective from Koha item type
          CUZ Bulawayo Campus CUZ Bulawayo Campus 06.12.2019   QE31.B4713 BBK001225 06.12.2019 06.12.2019 OS Book

OPENING HOURS

Weekdays: 0815hrs - 1800hrs
Weekends:0900hrs - 1200hrs

Closed for Mass:

Mon, Thur: 1200hrs - 1300hrs
Sunday & Public Holiday’s

CALL SUPPORT

0242-570570, 0242-570169
09200664, +263 8644140602

LOCATION

18443, Cranborne Avenue, Hatfield, Harare

Other Links


©2021 | CUZ Library